00481nam a2200145Ia 4500008004100000020001400041050001500055100002400070245004700094260003500141300002400176650001300200999001900213952010300232150202s9999 xx 000 0 und d a380750821 aFIC bFIC  aRegan, Dian Curtis. aI've got your number /cDian Curtis Regan. aNew York :bAvon Books,c1986. a138 pages :c18 cm. aFiction. c282348d282348 001040aSMCbSMCcFICd2015-02-02l0oFIC R26i 1986pSMC2363r2015-02-02 00:00:00w2015-02-02yBK